| 000 | 00547nam 22001693 4500 | ||
|---|---|---|---|
| 001 | 201634 | ||
| 090 | _a201634 | ||
| 100 | _a20260407d u||y0pory50 ba | ||
| 200 |
_aSombras e transparências da literatura _fManuel Frias Martins |
||
| 210 |
_aLisboa _cImprensa Nacional - Casa da Moeda _d1983 |
||
| 215 |
_a197 p. _cbrochado _d20 cm |
||
| 606 |
_911269 _aQuestões gerais em linguística e literatura. Filologia |
||
| 675 |
_a82.09 _vPT _zpor |
||
| 700 |
_911687 _aMartins _bManuel Frias |
||
| 801 |
_aPT _bBMMN _gRPC |
||
| 830 |
_cFernando _fFernando |
||
| 990 | _cLIVROS | ||